| 000 | 00677nam a2200193 a 4500 | ||
|---|---|---|---|
| 005 | 20231021063611.0 | ||
| 008 | 991125s1968 mx 000 0 spa u | ||
| 035 | _aUPN01000044010 | ||
| 049 | _aCG | ||
| 050 | 4 |
_aLB1049 _bK7.68 |
|
| 100 | 1 | _aKranyik, Robert | |
| 245 | 1 | 0 |
_aPedagogía práctica a nivel primaria y secundaria / _cpor Robert Kranyik, Florence V. Shankman ; tr. Andrés M. Mateo. |
| 260 |
_aMéxico : _bCentro Regional de Ayuda Técnica, AID : _bUTEHA, _c1968. |
||
| 300 | _a105, 13 p. | ||
| 440 | 0 |
_aManual UTEHA breve ; _v399. _pSección 17. _pEducación |
|
| 650 | 4 |
_aMétodos de estudio _94280 |
|
| 700 | 1 |
_aShankman, Florence Vogel, _ecoaut. |
|
| 905 | _aLibro | ||
| 999 |
_c44010 _d44010 |
||